| 000 | 00829nam a2200217 a 4500 | ||
|---|---|---|---|
| 005 | 20210219160506.0 | ||
| 008 | 081109s2000 mx r 000 0 spa d | ||
| 035 | _aUPN01000166766 | ||
| 049 | _aUNE | ||
| 080 | _a323.28 (100) VEL No.13. | ||
| 100 | 1 | _aVelasco Grajales, Jesús | |
| 245 | 1 | 0 | _aAlgunas ideas en torno al terrorismo y las dificultades que ha enfrentado la comunidad internacional para combatir elfenómeno / Jesús Velasco Grajales. |
| 260 | _aMéxico : IMRED, 1986. | ||
| 300 | _a46 p. | ||
| 440 | 0 | _aCuadernos IMRED; No. 13 | |
| 690 | _aTerrorismo- Conflicto internacional- Violencia | ||
| 690 | _aProblemas sociales- Terrorismo- Conflicto internacional | ||
| 690 | _aConflicto internacional- Terrorismo | ||
| 710 | 2 | _aInstituto Matías Romero de Estudios Diplomáticos (México) | |
| 905 | _aUNESCO | ||
| 999 |
_c138877 _d138877 |
||